[Event "4. Torneo ITT Norma GM Espacio ENDESA 2"]
[Site "Santiago de Chile CHI"]
[Date "2008.10.23"]
[Round "1.1"]
[White "Vasquez Schroder, Rodrigo"]
[Black "Valenzuela Fuentealba, Luis"]
[Result "0-1"]
[WhiteElo "2522"]
[BlackElo "2434"]
[PlyCount "96"]
[EventDate "2008.10.23"]
[EventRounds "9"]
[EventCountry "CHI"]
[Source "lmi"]
[SourceDate "2008.10.23"]

1. e4 c5 2. Nf3 d6 3. d4 cxd4 4. Nxd4 Nf6 5. Nc3 a6 6. Bg5 e6 7. f4 Qb6 8. Qd2
Qxb2 9. Rb1 Qa3 10. e5 dxe5 11. fxe5 Nfd7 12. Ne4 h6 13. Bh4 Qxa2 14. Rd1 Qd5
15. Qe3 Qxe5 16. Bg3 Qa5+ 17. c3 Nc6 18. Nxc6 bxc6 19. Nd6+ Bxd6 20. Bxd6 Nf6
21. Bc4 Qg5 22. Qb6 Qh4+ 23. Bg3 Qe4+ 24. Be2 O-O 25. Rf1 e5 26. Rd3 Nd5 27.
Qxc6 Bg4 28. Rff3 Nf6 29. Qxe4 Nxe4 30. Bxe5 Bxf3 31. gxf3 Rfe8 32. Rd5 Nf6 33.
Bxf6 gxf6 34. Ra5 Re5 35. Ra2 Rae8 36. Kf2 Rxe2+ 37. Rxe2 Rxe2+ 38. Kxe2 Kf8
39. Kd3 Ke7 40. Kc4 Kd6 41. Kb4 Kc6 42. h4 h5 43. f4 f5 44. Kc4 a5 45. Kd4 Kb6
46. Kc4 f6 47. Kd5 a4 48. Kc4 Ka5 0-1

[Event "4. Torneo ITT Norma GM Espacio ENDESA 2"]
[Site "Santiago de Chile CHI"]
[Date "2008.10.23"]
[Round "1.2"]
[White "Ricardi, Pablo"]
[Black "Felgaer, Ruben"]
[Result "1/2-1/2"]
[WhiteElo "2505"]
[BlackElo "2591"]
[PlyCount "50"]
[EventDate "2008.10.23"]
[EventRounds "9"]
[EventCountry "CHI"]
[Source "lmi"]
[SourceDate "2008.10.23"]

1. Nf3 d5 2. c4 d4 3. g3 Nc6 4. Bg2 e5 5. d3 Nf6 6. O-O a5 7. e3 dxe3 8. Bxe3
Be7 9. Nc3 O-O 10. d4 exd4 11. Nxd4 Nxd4 12. Qxd4 c6 13. Qxd8 Rxd8 14. Bb6 Re8
15. Rad1 a4 16. Rd4 Be6 17. Rfd1 Ng4 18. Re4 Nf6 19. Red4 Ng4 20. Re4 Bf6 21.
Bd4 Red8 22. h3 Bxd4 23. Rexd4 Rxd4 24. Rxd4 Ne5 25. Nxa4 g5 1/2-1/2

[Event "4. Torneo ITT Norma GM Espacio ENDESA 2"]
[Site "Santiago de Chile CHI"]
[Date "2008.10.23"]
[Round "1.3"]
[White "Valdes Escobar, Alvaro Daniel"]
[Black "Llorens Sepulveda, Marcelo"]
[Result "0-1"]
[WhiteElo "2354"]
[BlackElo "2353"]
[PlyCount "66"]
[EventDate "2008.10.23"]
[EventRounds "9"]
[EventCountry "CHI"]
[Source "lmi"]
[SourceDate "2008.10.23"]

1. e4 c5 2. Ne2 Nc6 3. c4 e5 4. Nbc3 d6 5. d3 Be6 6. f4 g6 7. g3 Qd7 8. h3 h5
9. Be3 Nd4 10. Bg2 Bg7 11. Nd5 Ne7 12. Nxd4 cxd4 13. Bd2 Bxd5 14. exd5 Nf5 15.
Qf3 h4 16. g4 Ng3 17. Rg1 f5 18. gxf5 gxf5 19. fxe5 dxe5 20. Bg5 Qd6 21. a3 Qg6
22. Bd2 e4 23. dxe4 fxe4 24. Qf4 O-O-O 25. Qg5 Qxg5 26. Bxg5 Rde8 27. Bf1 d3
28. O-O-O Bh6 29. Bxh6 Rxh6 30. Kd2 Rf6 31. Re1 Rf2+ 32. Kc3 d2 33. Rd1 e3 0-1

[Event "4. Torneo ITT Norma GM Espacio ENDESA 2"]
[Site "Santiago de Chile CHI"]
[Date "2008.10.23"]
[Round "1.4"]
[White "Alonso, Salvador"]
[Black "Michel Yunis, Christian David"]
[Result "1-0"]
[WhiteElo "2446"]
[BlackElo "2368"]
[PlyCount "61"]
[EventDate "2008.10.23"]
[EventRounds "9"]
[EventCountry "CHI"]
[Source "lmi"]
[SourceDate "2008.10.23"]

1. e4 c5 2. Nf3 e6 3. d4 cxd4 4. Nxd4 a6 5. Nc3 Qc7 6. Be2 Nf6 7. O-O d6 8. f4
Nc6 9. Kh1 Be7 10. Be3 O-O 11. Qe1 Rd8 12. Qg3 Nxd4 13. Bxd4 b5 14. e5 dxe5 15.
fxe5 Nd5 16. Ne4 Bb7 17. Nd6 Rf8 18. c4 bxc4 19. Bxc4 Qd7 20. Rac1 f5 21. Nxf5
exf5 22. e6 Bd6 23. exd7 Bxg3 24. hxg3 Rad8 25. Bc5 Rf7 26. Rcd1 Rfxd7 27. Rxf5
g6 28. Rf2 Kg7 29. Rfd2 Nf6 30. Bd4 Kh6 31. Be6 1-0

[Event "4. Torneo ITT Norma GM Espacio ENDESA 2"]
[Site "Santiago de Chile CHI"]
[Date "2008.10.24"]
[Round "2.1"]
[White "Valenzuela Fuentealba, Luis"]
[Black "Valiente, Cristobal"]
[Result "1-0"]
[WhiteElo "2434"]
[BlackElo "2254"]
[PlyCount "69"]
[EventDate "2008.10.23"]
[EventRounds "9"]
[EventCountry "CHI"]
[Source "lmi"]
[SourceDate "2008.10.23"]

1. d4 Nf6 2. Nf3 c5 3. d5 g6 4. c4 Bg7 5. Nc3 O-O 6. e4 d6 7. h3 e5 8. Be3 Nh5
9. Nd2 Nd7 10. g3 a6 11. a4 f5 12. exf5 gxf5 13. Qxh5 f4 14. gxf4 exf4 15. Bd3
Nf6 16. Qg5 fxe3 17. fxe3 Bd7 18. Rg1 Rf7 19. O-O-O b5 20. cxb5 axb5 21. axb5
Kh8 22. Kc2 Qf8 23. Qh4 Bh6 24. Nc4 Re8 25. Nxd6 Qxd6 26. Qxh6 Qh2+ 27. Kb1
Qxh3 28. Qxh3 Bxh3 29. Rg3 Bd7 30. Rf1 Ref8 31. Rgf3 Kg7 32. e4 Ng4 33. Rxf7+
Rxf7 34. Rxf7+ Kxf7 35. b6 1-0

[Event "4. Torneo ITT Norma GM Espacio ENDESA 2"]
[Site "Santiago de Chile CHI"]
[Date "2008.10.24"]
[Round "2.2"]
[White "Michel Yunis, Christian David"]
[Black "Lopez Silva, Hugo Andres"]
[Result "0-1"]
[WhiteElo "2368"]
[BlackElo "2394"]
[PlyCount "72"]
[EventDate "2008.10.23"]
[EventRounds "9"]
[EventCountry "CHI"]
[Source "lmi"]
[SourceDate "2008.10.23"]

1. d4 Nf6 2. c4 c5 3. d5 e6 4. Nc3 exd5 5. cxd5 d6 6. e4 g6 7. Bd3 Bg7 8. Nge2
O-O 9. O-O a6 10. a4 Nbd7 11. h3 Re8 12. Ng3 Qc7 13. Kh1 c4 14. Bc2 Rb8 15. a5
h5 16. Bg5 b5 17. axb6 Rxb6 18. Ra2 Nc5 19. Be3 h4 20. Nge2 Nfxe4 21. Bxe4 Nxe4
22. Qa4 Kf8 23. Bxb6 Qxb6 24. Nxe4 Rxe4 25. Nc3 Rf4 26. f3 Be5 27. Ne4 Bf5 28.
Qxc4 Bxe4 29. fxe4 Qb3 30. Qc8+ Kg7 31. Raa1 Qg3 32. Kg1 Rxe4 33. Rad1 Re2 34.
Rxf7+ Kxf7 35. Rf1+ Bf4 36. Qc7+ Kg8 0-1

[Event "4. Torneo ITT Norma GM Espacio ENDESA 2"]
[Site "Santiago de Chile CHI"]
[Date "2008.10.24"]
[Round "2.3"]
[White "Llorens Sepulveda, Marcelo"]
[Black "Alonso, Salvador"]
[Result "0-1"]
[WhiteElo "2353"]
[BlackElo "2446"]
[PlyCount "76"]
[EventDate "2008.10.23"]
[EventRounds "9"]
[EventCountry "CHI"]
[Source "lmi"]
[SourceDate "2008.10.23"]

1. e4 c5 2. Nf3 Nc6 3. Bb5 e6 4. Bxc6 bxc6 5. d3 Ne7 6. Qe2 d5 7. c4 Ng6 8. Bd2
dxc4 9. dxc4 e5 10. Nc3 Bd6 11. O-O-O Qe7 12. Ne1 Nf8 13. Be3 Ne6 14. Na4 O-O
15. Qd3 Nd4 16. f3 Be6 17. Kb1 Qb7 18. Bxd4 cxd4 19. Qc2 Qa6 20. Rc1 c5 21. Nd3
Qc6 22. b3 f5 23. Nf2 Be7 24. Rce1 Bh4 25. g3 Bg5 26. exf5 Bxf5 27. Ne4 Bg6 28.
Rhf1 Be3 29. Nac3 Rad8 30. Qd3 dxc3 31. Qxe3 Rd2 32. Qxc3 Bxe4+ 33. fxe4 Rxf1
34. Rxf1 Qxe4+ 35. Ka1 Rxh2 36. Rd1 Qe2 37. Rd8+ Kf7 38. Rd7+ Ke8 0-1

[Event "4. Torneo ITT Norma GM Espacio ENDESA 2"]
[Site "Santiago de Chile CHI"]
[Date "2008.10.24"]
[Round "2.4"]
[White "Felgaer, Ruben"]
[Black "Valdes Escobar, Alvaro Daniel"]
[Result "1-0"]
[WhiteElo "2591"]
[BlackElo "2354"]
[PlyCount "67"]
[EventDate "2008.10.23"]
[EventRounds "9"]
[EventCountry "CHI"]
[Source "lmi"]
[SourceDate "2008.10.23"]

1. e4 c5 2. Nf3 d6 3. d4 cxd4 4. Nxd4 Nf6 5. Nc3 a6 6. Be3 e5 7. Nb3 Be7 8. Qd2
Be6 9. O-O-O Nbd7 10. f4 Ng4 11. g3 Nxe3 12. Qxe3 b5 13. Kb1 b4 14. Nd5 Bxd5
15. Rxd5 O-O 16. Be2 Qc7 17. Rc1 Nf6 18. Ra5 Qb8 19. Bc4 Bd8 20. Rxa6 Rxa6 21.
Bxa6 d5 22. exd5 exf4 23. Qd3 fxg3 24. hxg3 Bc7 25. c4 bxc3 26. Rxc3 Be5 27.
Rc6 Rd8 28. Bc4 Bxg3 29. Nd4 h5 30. Rxf6 gxf6 31. Nc6 Qe5 32. Nxd8 h4 33. d6 h3
34. Qg6+ 1-0

[Event "4. Torneo ITT Norma GM Espacio ENDESA 2"]
[Site "Santiago de Chile CHI"]
[Date "2008.10.24"]
[Round "2.5"]
[White "Vasquez Schroder, Rodrigo"]
[Black "Ricardi, Pablo"]
[Result "1/2-1/2"]
[WhiteElo "2522"]
[BlackElo "2505"]
[PlyCount "33"]
[EventDate "2008.10.23"]
[EventRounds "9"]
[EventCountry "CHI"]
[Source "lmi"]
[SourceDate "2008.10.23"]

1. e4 c6 2. d4 d5 3. e5 Bf5 4. Nc3 e6 5. g4 Bg6 6. Nge2 Be7 7. Be3 Nd7 8. Qd2
Qb6 9. O-O-O Qa5 10. h4 Nb6 11. Nf4 Bb4 12. a3 Bxc3 13. Qxc3 Qxc3 14. bxc3 Ne7
15. h5 Be4 16. Rh3 h6 17. f3 1/2-1/2

[Event "4. Torneo ITT Norma GM Espacio ENDESA 2"]
[Site "Santiago de Chile CHI"]
[Date "2008.10.25"]
[Round "3.4"]
[White "Lopez Silva, Hugo Andres"]
[Black "Llorens Sepulveda, Marcelo"]
[Result "1-0"]
[WhiteElo "2394"]
[BlackElo "2353"]
[PlyCount "83"]
[EventDate "2008.10.23"]
[EventRounds "9"]
[EventCountry "CHI"]
[Source "lmi"]
[SourceDate "2008.10.23"]

1. e4 c5 2. Nf3 Nc6 3. d4 cxd4 4. Nxd4 Nf6 5. Nc3 e5 6. Ndb5 d6 7. Bg5 a6 8.
Na3 b5 9. Bxf6 gxf6 10. Nd5 Bg7 11. c3 f5 12. exf5 Bxf5 13. Nc2 Be6 14. Nce3
Ne7 15. g3 Nxd5 16. Nxd5 O-O 17. Bg2 Rb8 18. O-O a5 19. b3 f5 20. Rc1 Qd7 21.
Qd2 Kh8 22. c4 bxc4 23. Rxc4 Rb5 24. Rc7 Rxd5 25. Bxd5 Qxc7 26. Bxe6 e4 27. Rc1
Qe7 28. Qd5 Qg5 29. Re1 Be5 30. Kg2 h5 31. h4 Qf6 32. Re2 f4 33. gxf4 Qxf4 34.
Qxe4 Qh2+ 35. Kf1 Rf6 36. Qa8+ Kh7 37. Qg8+ Kh6 38. Qh8+ Kg6 39. Qg8+ Kh6 40.
Qg5+ Kh7 41. Bf5+ Kh8 42. Rc2 1-0

[Event "4. Torneo ITT Norma GM Espacio ENDESA 2"]
[Site "Santiago de Chile CHI"]
[Date "2008.10.25"]
[Round "3.5"]
[White "Valiente, Cristobal"]
[Black "Michel Yunis, Christian David"]
[Result "0-1"]
[WhiteElo "2254"]
[BlackElo "2368"]
[PlyCount "80"]
[EventDate "2008.10.23"]
[EventRounds "9"]
[EventCountry "CHI"]
[Source "lmi"]
[SourceDate "2008.10.23"]

1. d4 Nf6 2. Nf3 e6 3. c4 Bb4+ 4. Nbd2 b6 5. e3 Bb7 6. Bd3 Ne4 7. O-O f5 8. Qc2
Nxd2 9. Nxd2 O-O 10. f3 Qf6 11. a3 Be7 12. b4 d6 13. Bb2 Qh6 14. Rae1 Bg5 15.
f4 Bh4 16. Re2 Nd7 17. d5 a5 18. Nf3 Be7 19. dxe6 Bxf3 20. Rxf3 Qxe6 21. e4
axb4 22. exf5 Qf7 23. Rg3 b3 24. Qb1 Bf6 25. Rge3 Nc5 26. Be4 Nxe4 27. Rxe4
Bxb2 28. Qxb2 Qxf5 29. Qxb3 Qc5+ 30. R2e3 Rfe8 31. Qd3 c6 32. f5 Rf8 33. g4 d5
34. cxd5 cxd5 35. Rd4 Rxa3 36. Qxa3 Qxd4 37. Qe7 Qxg4+ 38. Rg3 Qd1+ 39. Kg2
Qc2+ 40. Kg1 Qb1+ 0-1

[Event "4. Torneo ITT Norma GM Espacio ENDESA 2"]
[Site "Santiago de Chile CHI"]
[Date "2008.10.25"]
[Round "4.2"]
[White "Llorens Sepulveda, Marcelo"]
[Black "Valiente, Cristobal"]
[Result "1/2-1/2"]
[WhiteElo "2353"]
[BlackElo "2254"]
[PlyCount "98"]
[EventDate "2008.10.23"]
[EventRounds "9"]
[EventCountry "CHI"]
[Source "lmi"]
[SourceDate "2008.10.23"]

1. e4 e5 2. Nf3 d6 3. d4 exd4 4. Qxd4 Nf6 5. Nc3 Be7 6. Bg5 O-O 7. O-O-O Nc6 8.
Qd2 a6 9. h4 b5 10. Bd3 Be6 11. Nd5 Bxd5 12. exd5 Ne5 13. Nd4 Nxd3+ 14. Qxd3
Nxd5 15. Nc6 Bxg5+ 16. hxg5 Qxg5+ 17. f4 Qxf4+ 18. Kb1 h6 19. Qxd5 Rae8 20. a3
Qe4 21. Qxe4 Rxe4 22. Nb4 a5 23. Nc6 Ra8 24. Rhe1 Rc4 25. Nd4 Rb8 26. b3 Rc5
27. Kb2 a4 28. b4 Rg5 29. Re2 g6 30. Rf1 Rg4 31. Nc6 Rf8 32. Re7 Rxg2 33. Rxc7
h5 34. Nd4 h4 35. Rh1 g5 36. Nf5 Rf2 37. Nxd6 Rd8 38. Ne4 Rg2 39. Rc5 f6 40.
Nxf6+ Kg7 41. Ne4 Kg6 42. Rxb5 Rd4 43. Rb6+ Kf5 44. Nf6 Rf4 45. Nd5 Rf3 46.
Rf6+ Kg4 47. Rxf3 Kxf3 48. b5 Rd2 49. Ne7 Kg2 1/2-1/2

[Event "4. Torneo ITT Norma GM Espacio ENDESA 2"]
[Site "Santiago de Chile CHI"]
[Date "2008.10.25"]
[Round "4.3"]
[White "Felgaer, Ruben"]
[Black "Lopez Silva, Hugo Andres"]
[Result "1-0"]
[WhiteElo "2591"]
[BlackElo "2394"]
[PlyCount "85"]
[EventDate "2008.10.23"]
[EventRounds "9"]
[EventCountry "CHI"]
[Source "lmi"]
[SourceDate "2008.10.23"]

1. c4 c5 2. Nf3 g6 3. d4 cxd4 4. Nxd4 Bg7 5. e4 Nc6 6. Be3 d6 7. Nc3 Nf6 8. Be2
O-O 9. O-O Nxd4 10. Bxd4 Bd7 11. Qd2 Qa5 12. Rfd1 Bc6 13. f3 Nd7 14. a3 Bxd4+
15. Qxd4 Qb6 16. b4 Qxd4+ 17. Rxd4 Nb6 18. Rdd1 Rfc8 19. Rac1 Bd7 20. e5 Be6
21. exd6 exd6 22. Ne4 Bxc4 23. Nxd6 Bxe2 24. Nxc8 Bxd1 25. Nxb6 axb6 26. Rxd1
Rxa3 27. Rd6 Rc3 28. Rxb6 Rc7 29. g4 Rd7 30. Kf2 Kf8 31. Kg3 g5 32. h4 gxh4+
33. Kxh4 Kg7 34. g5 Rd4+ 35. Kg3 Rd7 36. f4 Re7 37. Kg4 Rc7 38. b5 Rd7 39. Kh5
Re7 40. Rd6 Re4 41. f5 h6 42. gxh6+ Kg8 43. Rd8+ 1-0

[Event "4. Torneo ITT Norma GM Espacio ENDESA 2"]
[Site "Santiago de Chile CHI"]
[Date "2008.10.27"]
[Round "5.1"]
[White "Valdes Escobar, Alvaro Daniel"]
[Black "Valenzuela Fuentealba, Luis"]
[Result "1/2-1/2"]
[WhiteElo "2354"]
[BlackElo "2434"]
[PlyCount "66"]
[EventDate "2008.10.23"]
[EventRounds "9"]
[EventCountry "CHI"]
[Source "lmi"]
[SourceDate "2008.10.23"]

1. e4 c5 2. Nf3 d6 3. d4 cxd4 4. Nxd4 Nf6 5. Nc3 g6 6. Be3 Bg7 7. f3 Nc6 8. Qd2
O-O 9. Bc4 Bd7 10. O-O-O Qa5 11. Bb3 Rfc8 12. Kb1 Ne5 13. Bg5 Rc5 14. h4 Rac8
15. Bxf6 Bxf6 16. Nd5 Rxd5 17. Bxd5 Qb6 18. h5 e6 19. Bb3 a5 20. hxg6 hxg6 21.
f4 Nc4 22. Bxc4 Rxc4 23. c3 Qc7 24. Rhe1 Be8 25. Nf3 Be7 26. f5 e5 27. g4 Bc6
28. Qd3 b5 29. Nd2 Rc5 30. Nb3 Rc4 31. Nd2 Rc5 32. Nb3 Rc4 33. Nd2 Rc5 1/2-1/2

[Event "4. Torneo ITT Norma GM Espacio ENDESA 2"]
[Site "Santiago de Chile CHI"]
[Date "2008.10.27"]
[Round "5.2"]
[White "Alonso, Salvador"]
[Black "Ricardi, Pablo"]
[Result "1/2-1/2"]
[WhiteElo "2446"]
[BlackElo "2505"]
[PlyCount "46"]
[EventDate "2008.10.23"]
[EventRounds "9"]
[EventCountry "CHI"]
[Source "lmi"]
[SourceDate "2008.10.23"]

1. e4 c6 2. d4 d5 3. Nd2 dxe4 4. Nxe4 Bf5 5. Ng3 Bg6 6. h4 h6 7. Nf3 Nd7 8. h5
Bh7 9. Bd3 Bxd3 10. Qxd3 e6 11. Bf4 Qa5+ 12. Bd2 Qc7 13. O-O-O Ngf6 14. Ne4
O-O-O 15. g3 Nc5 16. Nxc5 Bxc5 17. c4 Bd6 18. Bc3 Rhe8 19. Qe2 c5 20. Ne5 cxd4
21. Rxd4 Bxe5 22. Rxd8+ Rxd8 23. Bxe5 Qc5 1/2-1/2

[Event "4. Torneo ITT Norma GM Espacio ENDESA 2"]
[Site "Santiago de Chile CHI"]
[Date "2008.10.27"]
[Round "5.3"]
[White "Lopez Silva, Hugo Andres"]
[Black "Vasquez Schroder, Rodrigo"]
[Result "1/2-1/2"]
[WhiteElo "2394"]
[BlackElo "2522"]
[PlyCount "26"]
[EventDate "2008.10.23"]
[EventRounds "9"]
[EventCountry "CHI"]
[Source "lmi"]
[SourceDate "2008.10.23"]

1. e4 c5 2. c4 Nc6 3. Ne2 g6 4. d4 cxd4 5. Nxd4 Bg7 6. Be3 Nf6 7. Nc3 O-O 8.
Be2 b6 9. O-O Bb7 10. f3 Qb8 11. Qd2 Rd8 12. Rfd1 d6 13. Nd5 Nxd5 1/2-1/2

[Event "4. Torneo ITT Norma GM Espacio ENDESA 2"]
[Site "Santiago de Chile CHI"]
[Date "2008.10.27"]
[Round "5.4"]
[White "Valiente, Cristobal"]
[Black "Felgaer, Ruben"]
[Result "0-1"]
[WhiteElo "2254"]
[BlackElo "2591"]
[PlyCount "74"]
[EventDate "2008.10.23"]
[EventRounds "9"]
[EventCountry "CHI"]
[Source "lmi"]
[SourceDate "2008.10.23"]

1. d4 Nf6 2. Nf3 c5 3. c3 b6 4. Bf4 Bb7 5. e3 d6 6. Be2 Nbd7 7. O-O g6 8. h3
Bg7 9. Nbd2 O-O 10. Re1 Qc7 11. Bh2 Rad8 12. Bf1 Ne4 13. Nxe4 Bxe4 14. Nd2 Bc6
15. a4 Rfe8 16. Qc2 Rc8 17. Qb3 Qb7 18. Bc4 d5 19. Be2 e5 20. dxe5 Nxe5 21. Nf3
Nc4 22. Qc2 Rcd8 23. b3 Nd6 24. Bxd6 Rxd6 25. Bb5 a6 26. Bxc6 Qxc6 27. Rad1
Red8 28. Rd2 b5 29. axb5 axb5 30. Red1 Qa6 31. e4 dxe4 32. Rxd6 Rxd6 33. Rxd6
Qxd6 34. Qxe4 Qd1+ 35. Kh2 Qxb3 36. Qe8+ Bf8 37. Ne5 Qe6 0-1

[Event "4. Torneo ITT Norma GM Espacio ENDESA 2"]
[Site "Santiago de Chile CHI"]
[Date "2008.10.27"]
[Round "5.5"]
[White "Michel Yunis, Christian David"]
[Black "Llorens Sepulveda, Marcelo"]
[Result "1-0"]
[WhiteElo "2368"]
[BlackElo "2353"]
[PlyCount "61"]
[EventDate "2008.10.23"]
[EventRounds "9"]
[EventCountry "CHI"]
[Source "lmi"]
[SourceDate "2008.10.23"]

1. d4 Nf6 2. Nf3 c5 3. e3 g6 4. c4 Bg7 5. Nc3 O-O 6. d5 e6 7. g3 exd5 8. cxd5
d6 9. Bg2 b5 10. Nxb5 Qa5+ 11. Nc3 Ne4 12. Bd2 Nxd2 13. Qxd2 Ba6 14. Bf1 Bxf1
15. Kxf1 Nd7 16. Kg2 Rab8 17. Rab1 Nb6 18. Rhc1 Nc4 19. Qc2 f5 20. Ng5 Rfe8 21.
Ne6 Bf6 22. e4 Bxc3 23. bxc3 fxe4 24. Rxb8 Rxb8 25. Rb1 Re8 26. Rb7 Qa6 27.
Rg7+ Kh8 28. Nc7 Qc8 29. Nxe8 Qxe8 30. Rxa7 e3 31. Qe2 1-0

[Event "4. Torneo ITT Norma GM Espacio ENDESA 2"]
[Site "Santiago de Chile CHI"]
[Date "2008.10.28"]
[Round "6.1"]
[White "Valenzuela Fuentealba, Luis"]
[Black "Llorens Sepulveda, Marcelo"]
[Result "1-0"]
[WhiteElo "2434"]
[BlackElo "2353"]
[PlyCount "85"]
[EventDate "2008.10.23"]
[EventRounds "9"]
[EventCountry "CHI"]
[Source "lmi"]
[SourceDate "2008.10.23"]

1. d4 Nf6 2. Nf3 c5 3. d5 d6 4. c4 b5 5. cxb5 a6 6. b6 g6 7. Nc3 Qxb6 8. a4 a5
9. e4 Bg7 10. Bb5+ Nfd7 11. Nd2 O-O 12. Nc4 Qc7 13. O-O Nb6 14. Nxb6 Qxb6 15.
Bg5 f6 16. Be3 Na6 17. Rb1 Nb4 18. Qd2 Ba6 19. Rfe1 Rfb8 20. h4 Bxb5 21. Nxb5
Qd8 22. Qe2 Na6 23. b3 Nc7 24. Na3 Qd7 25. Nc4 Na6 26. Nxa5 Nb4 27. Nc4 Rb7 28.
Red1 Rab8 29. Bf4 h5 30. Ne3 Kh7 31. Kh2 Rb6 32. Nc4 R6b7 33. g3 Qc7 34. Rg1
Qd7 35. g4 hxg4 36. Rxg4 Nd3 37. Be3 f5 38. Rxg6 Kxg6 39. Rg1+ Kf7 40. Qh5+ Kf8
41. Bh6 e5 42. Rxg7 Qxg7 43. Nxd6 1-0

[Event "4. Torneo ITT Norma GM Espacio ENDESA 2"]
[Site "Santiago de Chile CHI"]
[Date "2008.10.28"]
[Round "6.2"]
[White "Felgaer, Ruben"]
[Black "Michel Yunis, Christian David"]
[Result "1-0"]
[WhiteElo "2591"]
[BlackElo "2368"]
[PlyCount "63"]
[EventDate "2008.10.23"]
[EventRounds "9"]
[EventCountry "CHI"]
[Source "lmi"]
[SourceDate "2008.10.23"]

1. e4 c6 2. d4 d5 3. Nc3 dxe4 4. Nxe4 Nd7 5. Bc4 Ngf6 6. Ng5 e6 7. Qe2 Nb6 8.
Bd3 h6 9. N5f3 c5 10. Be3 Qc7 11. Ne5 Nbd7 12. Ngf3 Bd6 13. O-O-O a6 14. Rhe1
O-O 15. g4 b5 16. g5 hxg5 17. Nxd7 Bxd7 18. dxc5 Bxc5 19. Bxg5 Rfc8 20. Ne5 Be8
21. Bxf6 gxf6 22. Qh5 Kf8 23. Qh6+ Ke7 24. Qh4 Bd6 25. f4 Qc5 26. Kb1 Rab8 27.
Ng4 Bc6 28. Qxf6+ Ke8 29. Bg6 fxg6 30. Qxe6+ Kf8 31. Qf6+ Kg8 32. Qxg6+ 1-0

[Event "4. Torneo ITT Norma GM Espacio ENDESA 2"]
[Site "Santiago de Chile CHI"]
[Date "2008.10.28"]
[Round "6.3"]
[White "Vasquez Schroder, Rodrigo"]
[Black "Valiente, Cristobal"]
[Result "1-0"]
[WhiteElo "2522"]
[BlackElo "2254"]
[PlyCount "37"]
[EventDate "2008.10.23"]
[EventRounds "9"]
[EventCountry "CHI"]
[Source "lmi"]
[SourceDate "2008.10.23"]

1. d4 Nf6 2. Nf3 e6 3. e3 b6 4. Bd3 Bb7 5. O-O Be7 6. b3 O-O 7. Bb2 c5 8. Nbd2
d5 9. Ne5 Nbd7 10. f4 a6 11. c4 cxd4 12. exd4 dxc4 13. bxc4 Nxe5 14. fxe5 Nd7
15. Qe2 Rc8 16. Ne4 g6 17. Rf4 Qc7 18. Raf1 Qc6 19. Qf2 1-0

[Event "4. Torneo ITT Norma GM Espacio ENDESA 2"]
[Site "Santiago de Chile CHI"]
[Date "2008.10.28"]
[Round "6.4"]
[White "Ricardi, Pablo"]
[Black "Lopez Silva, Hugo Andres"]
[Result "1/2-1/2"]
[WhiteElo "2505"]
[BlackElo "2394"]
[PlyCount "105"]
[EventDate "2008.10.23"]
[EventRounds "9"]
[EventCountry "CHI"]
[Source "lmi"]
[SourceDate "2008.10.23"]

1. Nf3 Nf6 2. c4 c5 3. Nc3 Nc6 4. d4 cxd4 5. Nxd4 g6 6. e4 Nxd4 7. Qxd4 d6 8.
c5 dxc5 9. Qxd8+ Kxd8 10. Be3 b6 11. O-O-O+ Kc7 12. Bf4+ Kb7 13. Be2 Nh5 14.
Be3 Ng7 15. e5 Rb8 16. Bf3+ Ka6 17. Nd5 Ne6 18. Rd3 b5 19. Ra3+ Kb7 20. Nxe7+
Kb6 21. Nd5+ Kb7 22. Ne7+ Kb6 23. Nxc8+ Rxc8 24. Rd3 Bg7 25. Rd7 Bxe5 26. Rb7+
Ka6 27. Rxf7 Rc7 28. Rxc7 Bxc7 29. Rd1 Rd8 30. Rxd8 Bxd8 31. Bg4 Nd4 32. b4 Kb6
33. Kd2 Be7 34. bxc5+ Bxc5 35. Bg5 Kc6 36. Kd3 a5 37. Bf6 Kd5 38. Bc8 Nc6 39.
Ke2 Nb4 40. Bb7+ Kd6 41. Bc3 a4 42. Bxb4 Bxb4 43. Kd3 Bc5 44. f3 b4 45. Kc2 Bg1
46. h3 g5 47. Bc8 h5 48. Bf5 h4 49. Bg6 Ke5 50. Be8 a3 51. f4+ Kxf4 52. Bc6 Bc5
53. Kb3 1/2-1/2

[Event "4. Torneo ITT Norma GM Espacio ENDESA 2"]
[Site "Santiago de Chile CHI"]
[Date "2008.10.28"]
[Round "6.5"]
[White "Valdes Escobar, Alvaro Daniel"]
[Black "Alonso, Salvador"]
[Result "0-1"]
[WhiteElo "2354"]
[BlackElo "2446"]
[PlyCount "124"]
[EventDate "2008.10.23"]
[EventRounds "9"]
[EventCountry "CHI"]
[Source "lmi"]
[SourceDate "2008.10.23"]

1. e4 c5 2. Nf3 Nc6 3. d4 cxd4 4. Nxd4 Nf6 5. Nc3 d6 6. f3 e5 7. Nb3 Be7 8. Be3
O-O 9. Qd2 a5 10. Bb5 Na7 11. Be2 Be6 12. Rd1 Nc8 13. Qc1 Qc7 14. Nb5 Qc6 15.
c4 Bd8 16. O-O a4 17. Na1 Bb6 18. Bxb6 Qxb6+ 19. Kh1 Rd8 20. Qc3 Bd7 21. Na3
Na7 22. N1c2 Be6 23. Rd2 Rac8 24. Rfd1 Kf8 25. Ne3 Qc5 26. Qd3 h5 27. g3 g6 28.
Kg2 h4 29. Rc2 Kg7 30. Rc3 Qb6 31. Rd2 hxg3 32. hxg3 Qc5 33. Bd1 Qa5 34. Qc2 b5
35. cxb5 Nxb5 36. Nxb5 Qxb5 37. Qxa4 Qb6 38. Nc4 Bxc4 39. Rxc4 Rb8 40. Rc3 d5
41. Rb3 Qc5 42. Rc3 Qe7 43. exd5 Nxd5 44. Rcd3 Ne3+ 45. Kf2 Rxd3 46. Rxd3 Rxb2+
47. Be2 Nf5 48. Qa3 Qxa3 49. Rxa3 Nxg3 50. Re3 Nxe2 51. Rxe2 Rxe2+ 52. Kxe2 Kf6
53. Kd3 Ke6 54. Kc4 Kd6 55. Kb5 f5 56. a4 Kc7 57. Kc5 g5 58. Kd5 g4 59. fxg4
fxg4 60. Ke4 Kb6 61. Ke3 Ka5 62. Kf2 e4 0-1

[Event "4. Torneo ITT Norma GM Espacio ENDESA 2"]
[Site "Santiago de Chile CHI"]
[Date "2008.10.29"]
[Round "7.1"]
[White "Alonso, Salvador"]
[Black "Valenzuela Fuentealba, Luis"]
[Result "1/2-1/2"]
[WhiteElo "2446"]
[BlackElo "2434"]
[PlyCount "33"]
[EventDate "2008.10.23"]
[EventRounds "9"]
[EventCountry "CHI"]
[Source "lmi"]
[SourceDate "2008.10.23"]

1. e4 c5 2. Nf3 d6 3. d4 cxd4 4. Nxd4 Nf6 5. Nc3 a6 6. Be3 e5 7. Nf3 Be7 8. Bc4
O-O 9. O-O Be6 10. Bb3 Nc6 11. Qe2 Na5 12. Rfd1 Nxb3 13. axb3 Qc7 14. Bg5 Nh5
15. Be3 Nf6 16. Bg5 Nh5 17. Be3 1/2-1/2

[Event "4. Torneo ITT Norma GM Espacio ENDESA 2"]
[Site "Santiago de Chile CHI"]
[Date "2008.10.29"]
[Round "7.4"]
[White "Michel Yunis, Christian David"]
[Black "Vasquez Schroder, Rodrigo"]
[Result "0-1"]
[WhiteElo "2368"]
[BlackElo "2522"]
[PlyCount "92"]
[EventDate "2008.10.23"]
[EventRounds "9"]
[EventCountry "CHI"]
[Source "lmi"]
[SourceDate "2008.10.23"]

1. d4 Nf6 2. c4 e6 3. Nf3 b6 4. g3 Ba6 5. Nbd2 Bb7 6. Bg2 c5 7. O-O cxd4 8.
Nxd4 Bxg2 9. Kxg2 Qc8 10. e4 d6 11. b3 Qb7 12. Qe2 Nbd7 13. Bb2 Be7 14. Rad1
O-O 15. Rfe1 a6 16. a4 Nc5 17. f3 Rfe8 18. Ra1 Rec8 19. Rec1 h6 20. b4 Ncd7 21.
N4b3 Ne8 22. Rc2 Bf6 23. Bxf6 Nexf6 24. Rac1 Ne5 25. Qe3 Nc6 26. b5 Nb4 27. Rb2
a5 28. Qd4 Nd7 29. Rc3 Qc7 30. Nb1 Nc5 31. Nxc5 dxc5 32. Qe3 Rd8 33. Rd2 Rxd2+
34. Nxd2 Rd8 35. f4 Qd7 36. Nf3 Qd1 37. f5 Qxa4 38. f6 Qa2+ 39. Kh3 Qa1 40.
fxg7 Kxg7 41. e5 Rd3 42. Rxd3 Qf1+ 43. Kh4 Qxd3 44. Qf4 Qf5 45. Qe3 Nc2 46. Qc3
Qe4+ 0-1